Tres escritores norteamericanos
Salvato in:
| Natura: | Libro |
|---|---|
| Lingua: | spagnolo |
| Pubblicazione: |
Madrid
Gredos
1963
|
| Serie: | Colección Campo Abierto
|
| Soggetti: | |
| Tags: |
Aggiungi Tag
Nessun Tag, puoi essere il primo ad aggiungerne!!
|
MARC
| LEADER | 00000nam a2200000 a 4500 | ||
|---|---|---|---|
| 001 | UCT2924 | ||
| 003 | CL-VaPUC | ||
| 008 | 961018e19630000SP |||||||||||||||||spa|d | ||
| 082 | 0 | 4 | |a 813.09 |b TRE |2 21 |
| 245 | 1 | 0 | |a Tres escritores norteamericanos |
| 300 | |a v | ||
| 942 | |c BK | ||
| 945 | |d 19961018 00:00:00 |a rleighto | ||
| 260 | |a Madrid |b Gredos |c 1963 | ||
| 500 | |a v.5: Nathaniel Hawthorne, John dos Passos, F. Scott Fitzgerald | ||
| 600 | 0 | 7 | |a HAWTHORNE, NATHANIEL |2 CL-VaPUC |9 371935 |
| 600 | 0 | |a Dos Passos, John |9 371936 | |
| 600 | 0 | 7 | |a FITZGERALD, FRANCIS SCOTT |2 CL-VaPUC |9 371937 |
| 650 | 0 | |a Literatura estadounidense |9 317168 | |
| 650 | 7 | |a NOVELA ESTADOUNIDENSE |2 CL-VaPUC |9 266286 | |
| 650 | 0 | |a Crítica e interpretación |9 255042 | |
| 650 | 0 | |a Crítica literaria |9 269189 | |
| 583 | |a last modification |c 20151117 18:50:24 |k Rodrigo Vera | ||
| 490 | 0 | |a Colección Campo Abierto | |
| 999 | |c 252813 |d 252811 | ||
| 952 | |0 0 |1 0 |4 0 |6 813_090000000000000_TRE_1963 |7 0 |8 A |9 272915 |a BIBEDU |b BIBEDU |d 2019-11-19 |h v.5 |i 3242862 |o 813.09 TRE 1963 |p 3242862 |r 2019-11-19 |w 2019-11-19 |y BK |k LIT | ||